| 000 | 00524nam a2200157 a 4500 | ||
|---|---|---|---|
| 008 | 120416s0000 ||||||||||||||||| || u | ||
| 020 | _a0889367558 | ||
| 050 | _aHV 5770.C3 Cun | ||
| 100 | _aCunningham, Rob | ||
| 245 | 1 | 0 | _aSmoke and mirrors |
| 246 | _athe Canadian tobacco war | ||
| 260 |
_aOttawa _bIDRC _c1996 |
||
| 300 | _axix, 361p. : ill | ||
| 350 | _a0.00 | ||
| 995 |
_D0.00 _FCBU-MAIN LIBRARY (Kitwe) _H1 _I26.95 _UAVAILABLE _ZAnnex Low-Usage Collection |
||
| 999 |
_c57638 _d57638 |
||